[Event "Fenain op"]
[Site "Fenain"]
[Date "2007.02.26"]
[Round "4.1"]
[White "Kirszenberg, Marc"]
[Black "Aine, Olivier"]
[Result "1/2-1/2"]
[WhiteElo "2183"]
[BlackElo "1931"]
[PlyCount "41"]
[EventDate "2007.02.24"]
[EventType "swiss"]
[EventRounds "7"]
[EventCountry "FRA"]
[SourceTitle "CBM 117 Extra"]
[Source "ChessBase"]
[SourceDate "2007.05.09"]
[SourceVersion "1"]
[SourceVersionDate "2007.05.09"]
[SourceQuality "1"]

1. d4 Nf6 2. c4 b6 3. Nc3 Bb7 4. Nf3 e6 5. Bf4 Bb4 6. Qb3 Bxc3+ 7. Qxc3 0-0 8. e3 Ne4 9. Qc2 f5 10. Bd3 d6 11. h3 Nd7 12. 0-0 Qe8 13. Nd2 Qg6 14. f3 Ng5 15. Kh1 Nf6 16. Rf2 Nh5 17. Bh2 Rae8 18. Raf1 e5 19. dxe5 dxe5 20. c5 Kh8 21. cxb6 1/2-1/2

[Event "FRA-ch U18"]
[Site "Aix les Bains"]
[Date "2006.04.??"]
[Round "4"]
[White "Aine, Olivier"]
[Black "Dourerassou, Jonathan"]
[Result "1/2-1/2"]
[WhiteElo "1960"]
[BlackElo "2338"]
[PlyCount "113"]
[EventDate "2006.04.??"]
[EventType "swiss"]
[EventRounds "8"]
[EventCountry "FRA"]
[SourceTitle "EXT 2007"]
[Source "ChessBase"]
[SourceDate "2006.11.23"]
[SourceVersion "1"]
[SourceVersionDate "2006.11.23"]
[SourceQuality "1"]

1. e4 c5 2. Nf3 Nc6 3. d4 cxd4 4. Nxd4 Qc7 5. Nc3 e6 6. a3 a6 7. Be3 b5 8. Be2 Bb7 9. 0-0 Nf6 10. f4 d6 11. Bf3 Nxd4 12. Qxd4 e5 13. Qd3 Be7 14. Nd5 Bxd5 15. exd5 Nd7 16. Be4 exf4 17. Bxf4 Nc5 18. Qe3 0-0 19. Rae1 Bf6 20. c3 Rae8 21. Qf3 Be5 22. Bc2 f5 23. Qg3 Nd7 24. Bxe5 Nxe5 25. Rxf5 Qc5+ 26. Kh1 Qxd5 27. Ref1 Rxf5 28. Rxf5 Qd2 29. Bb3+ Nc4 30. h3 g6 31. Bxc4+ bxc4 32. Rf6 Re5 33. Qf3 Re8 34. Qg3 Qe1+ 35. Kh2 Qxg3+ 36. Kxg3 Rd8 37. Rf4 d5 38. Rf6 Rb8 39. Rf2 Kg7 40. Kg4 h5+ 41. Kg5 Re8 42. Rd2 Re5+ 43. Kf4 Kf6 44. g4 h4 45. Kf3 Ke6 46. Rd4 g5 47. Rd2 Kd6 48. Re2 Rxe2 49. Kxe2 a5 50. a4 Ke5 51. Ke3 d4+ 52. cxd4+ Kd5 53. Kd2 Kxd4 54. Kc2 Kd5 55. Kd2 Kc5 56. Kc3 Kd5 57. Kd2 1/2-1/2

[Event "La Fere op 4th"]
[Site "La Fere"]
[Date "2005.07.08"]
[Round "9"]
[White "Aine, Olivier"]
[Black "Shirazi, Kamran"]
[Result "0-1"]
[WhiteElo "1851"]
[BlackElo "2410"]
[PlyCount "36"]
[EventDate "2005.07.02"]
[EventType "swiss"]
[EventRounds "9"]
[EventCountry "FRA"]
[SourceTitle "CBM 107 Extra"]
[Source "ChessBase"]
[SourceDate "2005.09.01"]
[SourceVersion "1"]
[SourceVersionDate "2005.09.01"]
[SourceQuality "1"]

1. e4 c5 2. Nf3 Nf6 3. Nc3 d5 4. exd5 Nxd5 5. Bb5+ Bd7 6. Bxd7+ Qxd7 7. 0-0 Nc6 8. Re1 e6 9. Qe2 Be7 10. Ne5 Nxe5 11. Qxe5 Nb4 12. Qxg7 0-0-0 13. Qxf7 Nxc2 14. Rxe6 Rde8 15. g3 Nxa1 16. Qf5 Bd6 17. Rxe8+ Rxe8 18. Qb1 Qc6 0-1

[Event "La Fere op 4th"]
[Site "La Fere"]
[Date "2005.07.04"]
[Round "3"]
[White "Aine, Olivier"]
[Black "Meijers, Viesturs"]
[Result "0-1"]
[WhiteElo "1851"]
[BlackElo "2479"]
[PlyCount "74"]
[EventDate "2005.07.02"]
[EventType "swiss"]
[EventRounds "9"]
[EventCountry "FRA"]
[SourceTitle "CBM 107 Extra"]
[Source "ChessBase"]
[SourceDate "2005.09.01"]
[SourceVersion "1"]
[SourceVersionDate "2005.09.01"]
[SourceQuality "1"]

1. e4 c5 2. Nf3 e6 3. d4 cxd4 4. Nxd4 a6 5. c4 Nf6 6. Nc3 Qc7 7. Be3 Bb4 8. f3 0-0 9. Qd2 d5 10. exd5 exd5 11. Nc2 Bxc3 12. Qxc3 Nc6 13. 0-0-0 dxc4 14. Bc5 Re8 15. Bd6 Qa5 16. Qxa5 Nxa5 17. Bc7 Nc6 18. Bxc4 Bf5 19. Bb6 Rac8 20. Bd3 Bxd3 21. Rxd3 Nb4 22. Rd2 Nxc2 23. Rxc2 Rxc2+ 24. Kxc2 Re2+ 25. Kb3 Rxg2 26. Rc1 h5 27. Bc7 Rf2 28. Rc3 h4 29. Be5 Nh5 30. Rd3 f6 31. Bb8 g5 32. Kc3 Kf7 33. a4 h3 34. f4 g4 35. Rd7+ Kg6 36. Rxb7 g3 37. Rd7 g2 0-1

[Event "Bethune op-B 24th"]
[Site "Bethune"]
[Date "2003.12.30"]
[Round "7"]
[White "Aine, Olivier"]
[Black "Roelens, Stephane"]
[Result "1-0"]
[WhiteElo "1540"]
[BlackElo "1630"]
[PlyCount "73"]
[EventDate "2003.12.26"]
[EventType "swiss"]
[EventRounds "9"]
[EventCountry "FRA"]
[SourceTitle "EXT 2005"]
[Source "ChessBase"]
[SourceDate "2004.11.15"]
[SourceVersion "1"]
[SourceVersionDate "2004.11.15"]
[SourceQuality "1"]

1. e4 e5 2. Nf3 Nc6 3. d4 exd4 4. Nxd4 Bc5 5. Be3 Qf6 6. c3 Nge7 7. Qd2 d5 8. Nb5 Bxe3 9. Qxe3 Kd8 10. exd5 Re8 11. Nxc7 Kxc7 12. dxc6 Qxc6 13. Qg3+ Kd8 14. Be2 Nf5 15. Qd3+ Nd6 16. 0-0 Bf5 17. Qd1 Kc7 18. Bf3 Be4 19. Nd2 Bxf3 20. Nxf3 Rad8 21. Qd4 b6 22. Qxg7 Rg8 23. Qf6 Rg6 24. Qf4 Rdg8 25. g3 Rg4 26. Qe3 Re8 27. Qd3 Ne4 28. Rad1 Nf6 29. Rfe1 Rxe1+ 30. Rxe1 Qc5 31. Qe3 Qxe3 32. Rxe3 Nd5 33. Rd3 Nf4 34. Re3 Nd5 35. Re5 Kd6 36. Rh5 Rg7 37. Nd4 1-0

[Event "Bethune op-B 24th"]
[Site "Bethune"]
[Date "2003.12.26"]
[Round "1"]
[White "Aine, Olivier"]
[Black "Benoit, Guy"]
[Result "1/2-1/2"]
[WhiteElo "1540"]
[BlackElo "1730"]
[PlyCount "136"]
[EventDate "2003.12.26"]
[EventType "swiss"]
[EventRounds "9"]
[EventCountry "FRA"]
[SourceTitle "EXT 2005"]
[Source "ChessBase"]
[SourceDate "2004.11.15"]
[SourceVersion "1"]
[SourceVersionDate "2004.11.15"]
[SourceQuality "1"]

1. e4 e5 2. Nf3 Nc6 3. d4 exd4 4. Nxd4 Bc5 5. Be3 Qf6 6. c3 Nge7 7. Bc4 Ne5 8. Nd2 d6 9. Qe2 Bd7 10. Nc2 Bg4 11. f3 Bxe3 12. Nxe3 Be6 13. Bxe6 Qxe6 14. Qb5+ c6 15. Qxb7 Nd3+ 16. Ke2 Nf4+ 17. Kd1 0-0 18. Qb3 Qxb3+ 19. Nxb3 Nd3 20. Kc2 Nf4 21. Rad1 Rfd8 22. Rd2 a5 23. Nc4 a4 24. Nc1 d5 25. Rhd1 Rdb8 26. g3 Ne6 27. exd5 cxd5 28. Ne3 Nc7 29. c4 Rc8 30. Kb1 dxc4 31. Rd7 Nc6 32. Nxc4 Ne6 33. Nb6 Ne5 34. Nxc8 Nxd7 35. Ne7+ Kf8 36. Rxd7 Re8 37. Nc6 g6 38. Ne5 Nc5 39. Rxf7+ Kg8 40. f4 Rxe5 41. Rxh7 Re1 42. Rc7 Nd3 43. Rc3 Nxc1 44. Rxc1 Re2 45. Rc4 a3 46. bxa3 Rxh2 47. Rc2 Rh3 48. Rg2 Kf7 49. Kc2 Ke6 50. Kc3 Kf5 51. Kd4 Kg4 52. Ke3 Rh8 53. Rb2 Ra8 54. Rb3 Kxg3 55. Ke4+ Kg4 56. Rb6 Re8+ 57. Kd5 Ra8 58. Ke5 Re8+ 59. Kf6 Ra8 60. Kxg6 Kxf4 61. Rb3 Ke5 62. Kf7 Ra7+ 63. Kg6 Kd5 64. Kf6 Ra4 65. Ke7 Ra7+ 66. Kd8 Kd6 67. Kc8 Kc6 68. Kb8 Ra4 1/2-1/2